Adenosine-dependent assembly of aptazyme-functionalized gold nanoparticles and its alication as a colorimetric biosensor /

Tallennettuna:
Bibliografiset tiedot
Päätekijä: Liu, Juewen.
Muut tekijät: Lu, Yi.
Aineistotyyppi: Artikkeli
Kieli:English
Aiheet:
Tagit: Lisää tagi
Ei tageja, Lisää ensimmäinen tagi!
Thư viện lưu trữ: Thư viện Trường Đại học Đà Lạt
LEADER 00882nam a2200301 4500
001 DLU090097861
005 ##20091201
040 # # |a DLU  |b eng 
041 # # |a eng 
044 # # |a us 
100 # # |a Liu, Juewen.  
245 # # |a Adenosine-dependent assembly of aptazyme-functionalized gold nanoparticles and its alication as a colorimetric biosensor /  |c Juewen Liu, Yi Lu. 
653 # # |a Adenosine 
653 # # |a Biosensor 
653 # # |a Colorimetry 
653 # # |a Gold 
653 # # |a Nanoparticle 
700 # # |a Lu, Yi. 
773 # # |t Analytical Chemistry  |g Vol. 76, no. 6 (March 2004), p. 1627-1632 
920 # # |a Phòng Tạp chí -- Trung tâm Thông tin - Thư viện Trường Đại học Đà Lạt 
994 # # |a DLU 
900 # # |a True 
911 # # |a Trương Bảo Trâm Anh 
925 # # |a G 
926 # # |a A 
927 # # |a BB 
980 # # |a Thư viện Trường Đại học Đà Lạt